How animals find their way about (Record no. 271218)

MARC details
000 -LEADER
fixed length control field 00781nam a2200241Ia 4500
003 - CONTROL NUMBER IDENTIFIER
control field OSt
005 - DATE AND TIME OF LATEST TRANSACTION
control field 20220918221146.0
008 - FIXED-LENGTH DATA ELEMENTS--GENERAL INFORMATION
fixed length control field 220917b |||||||| |||| 00| 0 eng d
037 ## - SOURCE OF ACQUISITION
Terms of availability Textual
040 ## - CATALOGING SOURCE
Original cataloging agency ARTS
Transcribing agency ARTS
Language of cataloging eng
041 ## - LANGUAGE CODE
Source of code eng
Language code of text/sound track or separate title eng
100 ## - MAIN ENTRY--PERSONAL NAME
Personal name Rabaud Etienne
9 (RLIN) 139365
245 #0 - TITLE STATEMENT
Title How animals find their way about
Remainder of title a study of distant orientation and placerecognition, tr by I H Myers
260 ## - PUBLICATION, DISTRIBUTION, ETC.
Date of publication, distribution, etc. 1928
490 ## - SERIES STATEMENT
Series statement International library of psychology, philosophy and scientific method, ed by C K Ogden; 6
650 ## - SUBJECT ADDED ENTRY--TOPICAL TERM
Topical term or geographic name entry element ANIMAL BEHAVIOUR
9 (RLIN) 29214
942 ## - ADDED ENTRY ELEMENTS (KOHA)
Classification part S9:688, K8 (KD/Cen)
Koha item type Textual
Source of classification or shelving scheme Colon Classification (CC)
Holdings
Withdrawn status Lost status Damaged status Not for loan Home library Current library Date acquired Total Checkouts Full call number Barcode Date last seen Price effective from Koha item type
        Arts Library Arts Library 2022-09-18   S9:688 K8 (KD/Cen) AL0049579 2022-09-18 2022-09-18 Textual
Copyright @ Delhi University Library System